| 000 | 00609nam a2200217 4500 | ||
|---|---|---|---|
| 003 | OSt | ||
| 005 | 20240620053744.0 | ||
| 006 | a | ||
| 008 | 240620b |||||||| |||| 00| 0 eng d | ||
| 020 | _a9780060833831 | ||
| 040 |
_aDWCL-HMN lib. _cOC |
||
| 082 | _aCirc. 641.5 W423u 2007 | ||
| 100 | _aWeinstein, Bruce | ||
| 245 | _aThe ultimate cook book : 900 new recipes, thousands of ideas / | ||
| 260 |
_aNew York : _bWilliam Morrow Pub., _cc2007. |
||
| 300 |
_aix, _b642 p. ; _c25 cm. |
||
| 504 | _aIncludes index. | ||
| 650 | _a1. Cookery. | ||
| 700 | _aMark Scarbrough | ||
| 942 |
_2ddc _n0 _cBK-CIRC _kCirc. |
||
| 999 |
_c975 _d975 |
||